00338nam a2200133 4500003000900000005001700009008004100026020001100067040001300078082001400091100001900105245005500124260002500179SEACOMEC20240523125206.0240523b |||||||| |||| 00| 0 eng d c199.00 aSEACOMEC a531bS531 a Sharma, S. P. aMechanics : Problems And SolutionscS. P. Sharma, aDelhibPearsonc2005